Natural sound archives (Registro nro. 13061)

Detalles MARC
000 -CABECERA
Campo de control 008490000a22002530004500
090 ## - CLASIFICACIÓN LOCAL
Colección AR
Consecutivo 04028
041 0# - IDIOMA
Código de idioma para texto/pista de sonido o título separado
100 1# - ASIENTO PRINCIPAL--NOMBRE PERSONAL
Nombre personal Kroodsma, Donald E.
245 10 - MENCION DE TITULO
Título Natural sound archives
Version guidance for recordists and a request for cooperation
260 ## - PUBLICACION, DISTRIBUCION, ETC. (PIE DE IMPRENTA)
Lugar de publicación, distribución, etc. New York
Nombre del editor, distribuidor, etc. Cornell University Press
Fecha de publicación, distribución, etc. 1996
300 ## - DESCRIPCION FISICA
Extensión 474-486
500 ## - NOTA GENERAL
Nota general <Curso de Bioacústica>
650 14 - ASIENTO SECUNDARIO DE MATERIA - TERMINO TEMATICO
Término temático o nombre geográfico como elemento de entrada Bioacústica
650 14 - ASIENTO SECUNDARIO DE MATERIA - TERMINO TEMATICO
Término temático o nombre geográfico como elemento de entrada Archivos de sonido
650 14 - ASIENTO SECUNDARIO DE MATERIA - TERMINO TEMATICO
Término temático o nombre geográfico como elemento de entrada Etología
700 1# - ASIENTO SECUNDARIO - NOMBRE PERSONAL
Nombre personal Budney, Gregory F.
700 1# - ASIENTO SECUNDARIO - NOMBRE PERSONAL
Nombre personal Grotke, Robert W.
700 1# - ASIENTO SECUNDARIO - NOMBRE PERSONAL
Nombre personal Vielliard, Jacques M.
700 1# - ASIENTO SECUNDARIO - NOMBRE PERSONAL
Nombre personal Gaunt, Sandra
700 1# - ASIENTO SECUNDARIO - NOMBRE PERSONAL
Nombre personal Ranft, Richard
700 1# - ASIENTO SECUNDARIO - NOMBRE PERSONAL
Nombre personal Veprintseva, Olga D.
773 1# - Item fuente:
Título In Kroodsma D.; Miller E. Eds./ Ecology and Evolution of Acoustic Communication in Birds
942 ## - ELEMENTOS ADICIONALES (KOHA)
Tipo de ítem Artículo
Existencias
Withdrawn status Lost status Damaged status No para préstamo Colección Ubicación Permanente Ubicación actual Fecha de adquisición Datos de publicación Seriada Total Checkouts Número topográfico Inventario / Código de Barras Date last seen Price effective from Forma de adquisición Tipo de material
      No para Préstamo Hemeroteca Bogotá Bogotá 27/02/2015 Fuera de circulación   AR 04028 017621 25/03/2015 25/03/2015   Artículo